Pel verd després del negre
Descripción Física:
[9] p. : il. ; 21 cm
MARC
| LEADER | 00000nam a2200000Ia 4500 | ||
|---|---|---|---|
| 001 | 24600 | ||
| 008 | 160829s9999 xx 000 0 cat d | ||
| 080 | |a FU-66-22 | ||
| 245 | |a Pel verd després del negre | ||
| 260 | |a [Barcelona] : |b Diputació de Barcelona, [s.a.] | ||
| 300 | |a [9] p. : |b il. ; |c 21 cm | ||
| 650 | 0 | |a Incendis forestals |x Prevenció i control |9 50256 | |
| 710 | 1 | |a Barcelona (Catalunya : Província). |b Diputació |9 52408 | |
| 901 | |a Arxiu | ||
| 942 | |n 1 | ||
| 952 | |0 0 |1 0 |4 0 |6 FU6622 |7 1 |9 55895 |a Arxiu |b Arxiu |d 2016-12-01 |l 0 |o FU-66-22 |p 24600 |r 2016-12-01 00:00:00 |w 2016-12-01 |y ARXIU | ||
| 999 | |c 59768 |d 59768 | ||